[Event "Morelia/Linares"]
[Site "?"]
[Date "2006.02.23"]
[Round "5"]
[White "Ivanchuk, Vassily"]
[Black "Topalov, Veselin"]
[Result "0-1"]
[WhiteElo "2729"]
[BlackElo "2801"]
[Annotator "Martin, A"]
[PlyCount "96"]
[EventDate "2006.02.??"]
[EventType "tourn"]
[EventRounds "14"]
[EventCountry "MEX"]
[Source "EDAMI"]
[SourceDate "2006.12.20"]

{Esta fue la única victoria de Topalov en Morelia, donde terminó con tres
derrotas, lo que contrasta con su actuación en la mitad disputada en Linares,
donde logró cuatro victorias y tres tablas. Es cierto que en esta partida el
juego de Ivanchuk fue muy pasivo, pero en todo caso es un buen ejemplo de la
voluntad de Veselin para jugar a ganar incluso llevando las piezas negras.} 1.
d4 d5 2. c4 c6 3. Nf3 Nf6 4. Nc3 a6 {Una continuación que últimamente ha
adquirido bastante popularidad. Topalov la empleó con éxito frente a Van Wely
en el pasado torneo Corus (ver PDR 52 pag 7).} 5. cxd5 ({
Este cambio es poco usual, aunque perfectamente jugable. Son más habituales} 5.
a4 {y}) (5. e3 {o incluso}) (5. c5) 5... cxd5 6. Qb3 $5 {Esta maniobra, para
dificultar el desarrollo del Bc8, no es nueva aunque apenas se ha empleado en
partidas de importancia. Tanto 6.Bg5 como 6.e3 son mucho más conocidas.} Nc6 7.
Bg5 e6 8. e3 h6 9. Bxf6 ({
Era más natural mantener la pareja de alfiles mediante} 9. Bh4 {
aunque con ello queda expuesto a un eventual ...g5.}) 9... Qxf6 10. Bd3 Bd6 11.
O-O O-O 12. Rac1 b5 $1 {Una excelente jugada que pone en duda todo el plan de
las blancas. Tras ella las negras toman la iniciativa.} 13. Bb1 {con idea de
seguir con Qc2, aunque las negras no tienen dificultades jugando ...g6. Las
blancas no pueden ganar un peón ni con} (13. Nxd5 $2 exd5 14. Rxc6 Bxh2+ $1 {
ni con 13.Nxd5? Na5, mientras que}) (13. a4 b4 14. Ne2 Bd7 {
tampoco parece muy prometedor.}) 13... Bd7 14. Qc2 g6 15. Qd2 ({En esta posició
n, la única posibilidad activa de las blancas parece el avance e4, aunque no
resulte demasiado prometedor para el blanco. Para realizarlo, la jugada} 15.
Rfd1 {, defendiendo d4, parece más adecuada, ya que ahora la dama en d2 hace
imposible jugar e4 debido a la respuesta negra ...Bf4.}) 15... Rac8 16. Rfd1
Rc7 17. Qe1 {
Finalmente las blancas se disponen a jugar  18.e4 pero ya es tarde.} b4 $1 18.
Ne2 a5 19. Qd2 ({Con las piezas tan pasivas, el avance} 19. e4 dxe4 20. Bxe4
Rfc8 {solo conduce al aislamiento del peón central. De todas maneras, era la
alternativa menos mala, pues las blancas tendrían esperanzas de igualar
mediante la ruptura oprtuna con d4-d5.}) 19... Rfc8 20. Ne1 $6 {
Ivanchuk sigue jugando de modo pasivo. Todavía podía jugarse} (20. e4 dxe4 21.
Bxe4 {intentando d5, aunque todavía las negras conservarían posibilidades
ligeramente mejores, en vista de su pareja de alfiles.}) 20... a4 21. Nd3 Na5
$1 22. Rxc7 ({Si} 22. Nc5 Nc4 23. Qxb4 Bxc5 24. dxc5 Qxb2 25. Rxc4 Qxe2 {
con clara ventaja negra.}) 22... Rxc7 23. Rc1 ({Si} 23. Nxb4 Nc4 24. Qc3 Bb5 {
y las blancas dificilmente pueden mantener el peón de ventaja, por ejemplo} 25.
Ng3 Qe7 26. a3 Nxa3) 23... Nc4 24. Qe1 Qd8 25. g3 {Las blancas ya no tienen
continuaciones satisfactorias, como demuestran las siguientes variantes:} (25.
Nxb4 Nxb2 {o}) (25. b3 Na3 {o también}) (25. Nc5 Nxb2 26. Qxb4 Nc4 {
y en todas las variantes las negras quedan con una ventaja apreciable.}) 25...
Bb5 26. h4 $6 {Es dificil que las blancas puedan justificar esta jugada, ya
que sus piezas están mal colocadas para intentar un plan de ataque. Al final
sólo da oportunidades al negro para abrir un nuevo frente en el flanco de rey.}
({Posiblemente el mal menor fuese} 26. Nc5 Nxb2 27. Qxb4 Bxe2 28. Qxb2) 26...
g5 $1 ({Topalov rehusa ganar un peón mediante} 26... Nxb2 27. Nxb2 Bxe2 28.
Rxc7 Qxc7 29. Qxe2 Qc1+ 30. Qd1 Qxb2 31. Bc2 {pues la presencia de alfiles de
diferente color daría a las blancas esperanzas de salvación.}) 27. hxg5 hxg5
28. Kg2 Qc8 29. Ng1 {Ivanchuk gastó prácticamente todo el tiempo que le
quedaba en esta jugada, hasta quedarse con sólo un minuto para llegar a la
jugada 40. Pero tampoco contribuye a mejorar su posición. Merecía atención} (
29. Qh1 {y si} Nd2 $2 ({Pero las negras mantendrían su ventaja tras la simple} 
29... f6 {con idea de responder a} 30. Qh6 Qf8) 30. Qh6 $1 {pues si} Rxc1 31.
Ndf4 $1 {con fortísimas amenazas.}) 29... f6 30. Qd1 Be8 $1 {Lo más simple,
anulando la amenaza 31.Qh5 y buscando para su alfil una diagonal todavía más
fuerte que la que ocupaba.} 31. Nf3 {En esta jugada Ivanchuk gastó todo su
tiempo. Ahora solo le quedaban 7 segundos para 9 jugadas. Resulta curioso que
consiguiera llegar al control y todavía le sobraron 2 segundos. Pero su
posición, de todas maneras, era desesperada.} Bh5 32. Rc2 ({No} 32. Qxa4 $2
Bxf3+ 33. Kxf3 Nd2+) 32... Bg6 {Al parecer, el apuro de tiempo de Ivanchuk
hizo más efecto en Topalov, a pesar de tener casi media hora de reloj. Si no,
no se comprende que dejase escapar la sencilla} (32... Bxg3 $1 33. Kxg3 (33.
fxg3 $1 Nxe3+) 33... e5 {
y las amenazas 34...Qg4+ o 34...e4 deciden rápidamente.}) 33. Re2 g4 (33... Be4
34. Nc5 {es menos claro, aunque también favorable a las negras.}) 34. Nh4 Be4+
35. Kh2 f5 (35... Qe8 {
era más fuerte, defendiendo a4 y amenazando 36...Qh5 y 37...Qxh4+.}) 36. Ne1 $2
{Esto facilita la tarea de las negras, aunque Ivanchuk tenía que hacer sus
jugadas al instante, lo que hace imposible precisar cuando existen diversas
alternativas. Lo mejor era} (36. Qxa4 {aunque tras} Rh7 $1 37. Kg1 Be7 38. Ng2
Kf7 $1 {la amenaza 39...Qh8 no tiene defensa satisfactoria.}) 36... Nxe3 $1 37.
Rxe3 (37. fxe3 Rc1 38. Qxa4 Bxg3+ $1 {da a las negras un ataque de mate.})
37... Rc1 38. Qd2 Rxb1 39. Rxe4 {Un intento desesperado.} dxe4 40. Qg5+ Kf7 41.
d5 {
Pasado el control, Ivanchuk pudo convencerse de que sus jaques se acaban pronto
} (41. Qg6+ Ke7 42. Qg7+ Kd8 {pero este intento tampoco correrá mejor suerte.})
41... Rxe1 42. Qg6+ Ke7 43. Qg5+ (43. dxe6 Qxe6 44. Nxf5+ Kd7 45. Qg7+ Kd8)
43... Kd7 44. dxe6+ Kc6 45. e7 e3 $1 46. Qxf5 (46. Nxf5 Qh8+) 46... Qxf5 47.
e8=Q+ Qd7 48. Qe4+ Kc7 0-1

[Event "Morelia/Linares"]
[Site "?"]
[Date "2006.03.10"]
[Round "13"]
[White "Ivanchuk, Vassily"]
[Black "Vallejo Pons, Francisco"]
[Result "1-0"]
[WhiteElo "2729"]
[BlackElo "2650"]
[Annotator "Martin, A"]
[PlyCount "47"]
[EventDate "2006.02.??"]
[EventType "tourn"]
[EventRounds "14"]
[EventCountry "MEX"]
[Source "EDAMI"]
[SourceDate "2006.12.20"]

1. d4 Nf6 2. Nf3 d5 3. c4 e6 {Después de varias partidas empleando la Defensa
Eslava (3...c6) en este torneo, Vallejo cambia a otra de las más populares
formas de combatir el Gambito de Dama.} 4. Nc3 Bb4 5. Bg5 {#} dxc4 $5 {
La variante Viena que conduce al tipo de juego agudo que agrada a Vallejo.
Resulta curioso que en la última ronda, cuando el triunfo suponía ganar el
torneo, Topalov también empleó este sistema con negras, precisamente contra
Vallejo.} 6. e4 b5 ({La alternativa es} 6... c5 {
que fue la elección de Topalov en la mencionada partida}) 7. a4 (7. e5 h6 {
es la continuación más usual, que lleva a un juego complicado.}) 7... c6 8. e5
h6 9. exf6 (9. Bh4 g5 {también puede jugarse, pero los resultados de las
negras han sido satisfactorios últimamente.}) 9... hxg5 10. fxg7 Rg8 11. g3 $1
({Ivanchuk se desvía de una partida Cheparinov-Vallejo, Cuernavaca 2006
disputada unas semanas antes, que había continuado} 11. h4 g4 12. Ne5 Rxg7 13.
h5 f5 {y finalizó con la victoria de las negras. La jugada de la partida está
considerada como lo más fuerte para el blanco.}) 11... Bb7 12. Bg2 c5 ({
La alternativa más segura es} 12... Nd7 {
aunque las blancas conservan perspectivas algo mejores tras} 13. h4 $1 gxh4 14.
Rxh4 Qf6 15. Kf1 $1 Bxc3 16. bxc3 Qxg7 17. Nd2) 13. O-O g4 {Ambos jugadores
están siguiendo una partida de Yusupov frente a Van Wely, jugada en Groningen
1994, donde se supone que las blancas mantienen una pequeña ventaja, pero que
Vallejo confiaba en mejorar.} 14. Nh4 Bxg2 15. Nxg2 Rxg7 {#} ({
Esta es la novedad de Vallejo. La mencionada partida había continuado con} 
15... cxd4 16. Nxb5 {que resulta favorable a las blancas.}) 16. axb5 $1 {
Una fuerte jugada que impide el desarrollo del caballo por la casilla c6, a la
vez que presiona sobre el peón a7.} ({En los comentarios a la partida
Yusupov-Van Wely ya mencionada, sólo se señalaba la continuación} 16. dxc5 {
como ligeramente favorable a las blancas, aunque tal afirmación es dudosa tras}
Qxd1 17. Rfxd1 Bxc3 18. bxc3 bxa4 19. Rxa4 Nd7 {
. La jugada de Ivanchuk pone al negro ante problemas mucho más difíciles.})
16... cxd4 17. Ne4 f5 $2 ({Natural, pero en vista de la réplica blanca, esta
jugada cabe calificarla como un error. Era necesario} 17... Be7 {y la posición
de las negras no parece mala, aunque tienen algunos problemas para coordinar
sus piezas.} 18. Nf4 e5) 18. Nf4 $1 Kf7 ({Por supuesto, no vale} 18... fxe4 $2
19. Nxe6 Qf6 20. Nxg7+ Qxg7 21. Qe2 Qe7 22. Qxc4 Nd7 23. Ra6 Nb6 24. Rxb6 (24.
Qg8+ {tampoco es mala}) 24... axb6 25. Qc6+ Kf7 26. Qxa8 {
con clara ventaja de las blancas}) ({Tal vez} 18... Qb6 {
fuera la mejor opción, aunque también tras} 19. Qc2 {
las negras tienen problemas, pues no vale} fxe4 $6 20. Qxe4 Qb7 21. Qxd4 {
y la posición negra se derrumba.}) 19. Rc1 $1 {La clave de toda la maniobra.
El peón c4 no puede defenderse y las piezas blancas penetran decisivamente.}
fxe4 ({Las negras aceptan la piezas pues es dificil mejorar su posición. Si} 
19... Nd7 20. Qxd4 fxe4 21. Rfd1) 20. Rxc4 Bc5 {Devolviendo la pieza para
completar el desarrollo del flanco de dama, pero ahora las blancas podrán
presionar sobre e6 y ni siquiera tienen desventaja material. De cualquier modo,
ya no había nada mejor, por ejemplo:} (20... Ba5 21. Rxd4 Qg5 22. Rxe4 Qf5 23.
Rxe6 {y dificilmente las negras podrán evitar la pérdida de alguna de sus
piezas en el flanco de dama.}) (20... Bf8 21. Rxd4 Qe7 22. Re1 $1 Kg8 23. Rexe4
{y las negras están muy mal}) ({Fritz sugiere como lo mejor la rebuscada} 20...
Bd2 $5 {con idea de} 21. Qxd2 e5 {
pero incluso así las blancas logran una ventaja decisiva con} 22. Nh5 Rh7 (
22... Rg6 23. Qc2) 23. Qe2 $1 Rxh5 24. Qxg4 Rg5 (24... Rh6 25. Rc8) 25. Qxe4
Nd7 26. f4 {
y con la incorporación de la torre de f1, el ataque blanco es imparable.}) 21.
Rxc5 Nd7 22. Rh5 ({Suficiente para dar ventaja a las blancas, pero la natural} 
22. Rc6 {
era más fuerte. Tal vez Ivanchuk temía que las negras lograran contrajuego con}
Ne5 {23.Rxe6 Nf3+ 24.Kg2 Qh8.} {Pero en lugar de 23.Rxe6 las blancas tienen}
23. Qb3 $1 Nxc6 24. Qxe6+ Kf8 25. Qxe4 Qe8 26. Ne6+ Kg8 27. bxc6 {
con posición ganadora.}) 22... Nf6 $6 ({Después de esto, las blancas vuelven
al camino correcto, el ataque sobre e6. Mayor resistencia daba} 22... Qb6 {
pero igualmente las piezas negras quedan muy atadas tras} 23. Qb3 Rc8 ({si} 
23... Re8 24. Rc1 $1 {con la amenaza 25.Rc6}) 24. Re1 Nc5 25. Qa2 {
y no hay defensa contra b4.}) 23. Re5 $1 Qd6 ({Un poco mejor era} 23... Kg8 24.
Qb3 $1 Qe8 {pero tampoco salvaba a las negras.}) 24. Rxe6 ({Después de} 24.
Rxe6 Qxe6 25. Nxe6 Kxe6 26. Qxd4 Rd7 27. Qc5 {la resistencia es inútil.}) 1-0

[Event "Morelia/Linares"]
[Site "?"]
[Date "2006.03.11"]
[Round "14"]
[White "Leko, Peter"]
[Black "Aronian, Levon"]
[Result "0-1"]
[WhiteElo "2740"]
[BlackElo "2752"]
[Annotator "Rogers, I"]
[PlyCount "80"]
[EventDate "2006.02.??"]
[EventType "tourn"]
[EventRounds "14"]
[EventCountry "MEX"]
[Source "EDAMI"]
[SourceDate "2006.12.20"]

1. e4 e5 2. Nf3 Nc6 3. Bb5 a6 4. Ba4 Nf6 5. O-O Be7 6. Re1 b5 7. Bb3 O-O 8. a4
{Leko es también practicante del Marshall - como mostró con una fina victoria
en su match contra Kramnik - y en años recientes  rara vez ha permitido el
famoso gambito} (8. c3 d5 $5) 8... b4 9. d3 d6 10. a5 Be6 11. Nbd2 Qc8 12. Nc4
Rb8 $5 {Evitando la normal} (12... h6 {como jugó Svidler contra Leko en el
Campeonato mundial de la FIDE 2005 en Argentina. Dicha partida continuó} 13. c3
Rb8 14. d4 Bg4 15. Ba4 Qb7 {y ahora, en lugar de} 16. d5 {
Leko pudo haber obtenido una clara ventaja con} (16. Ne3 $1)) 13. Bg5 $5 {
Un intento de explotar la omision de ...h6 pero Aronian tiene una poderosa
respuesta preparada. Latranquila} (13. h3 {era tal vez mejor.}) 13... Kh8 $1 {
Aronian consideró por un momento la  extravagante} (13... h6 14. Bh4 Rb5 $5 15.
Ba4 Rc5 {pero en seguida decidió que} 16. b3 {
dejaría la torre en una situación bastante estúpida.}) 14. h3 {El comienzo de
las dificultades de las blancas, según el propio Leko.  Después de la partida,
el húngaro intentó demostrar que las blancas podían alcanzar alguna ventaja
con.} (14. d4 {pero tras} Bg4 $1 15. dxe5 dxe5 {la amenaza 16...Rd8 causa
problemas a las blancas. Leko examinó el sacrificio de dama} 16. h3 (16. Ncd2 {
era la idea de Arshak Petrosian, analista de Leko, pero tras ver} Nd4 17. Bc4
Rd8 {"y yo voy muy rápido," dijo Aronian, la idea fue abandonada)}) 16... Rd8
17. Ncxe5 Nxe5 18. Nxe5 {pero no pudo encontrar una buena continuación tras}
Rxd1 19. Nxf7+ Kg8) 14... Ng8 $1 {De repente, las negras están listas para
jugar 14...f5 y el blanco debe empezar a pensar en una forma de igualar.} 15.
c3 $6 {Los jugadores estuvieron de acuerdo en que las blancas debían probar} (
15. Bxe7 Ngxe7 16. Ng5 (16. d4 $5 exd4 17. Nxd4 Nxd4 18. Qxd4 Nc6 {
deja el peón de a5 algo débil, pero esto puede ser el mal menor.}) {pero tras}
16... Nd4 {"estoy bien" dijo Aronian, indicando que el caballo de e7 pronto se
dirigirá a c6. Leko simplemente vio} 17. Ba2 b3 $1 {
y ya no quisó continuar esa línea.}) 15... bxc3 16. bxc3 f5 $1 17. Ba4 {
Intentando resolver sus problemas por medios tácticos.} (17. exf5 Rxf5 18. Bxe7
Ngxe7 19. Ra3 {no es muy prometedor pero puede ser aguantable.}) 17... fxe4 18.
Bxc6 exf3 19. Bxe7 Nxe7 20. Bxf3 Ng6 21. Bg4 Nf4 22. Ra2 $2 {
Una jugada terrible, pasando por alto la simple réplica de las negras.} (22.
Ne3 Bxg4 23. hxg4 Qe6 {
es favorable al negro, pero su ventaja aún no es decisiva.}) 22... Qb7 $1 {
Ahora Leko se quedó mirando fijamente el tablero por 15 minutos, incapaz de
encontrar un modo de sostener simultáneamente todas sus debilidades.} 23. Bf3
Qb3 $1 {Leko esperaba} (23... Nxh3+ 24. Kf1 $1 {donde la amenaza 25.Rb2!
fuerza a las negras a sacrificar material. Hay que reconocer que las negras
están muy bien tras} Qb3 25. Qxb3 Rxb3 26. Bd1 Rxc3 27. gxh3 Rxd3 {pero semejan
te línea de doble filo debe haberle parecido inecesaria a Aronian, quien sólo
gastó unos pocos minutos para decidirse por la simple jugada del texto, que
gana un peón por fuerza.}) 24. Rc2 Nxd3 $1 25. Qxd3 Qxc4 26. Qxc4 {Leko no inte
nta enredar a su rival en  posiciones técnicamente perdedoras. Sin damas, las
blancas no tienen ninguna posibilidad, así que} (26. Qe3 {era la única
esperanza, aunque remota en vista de que a Leko sólo le quedaban 12 minutos
contra 50 de Aronian.}) 26... Bxc4 27. Bc6 Rb3 28. g3 g5 $1 {
Cortando cualquier contrajuego basado en f4 antes de capturar el peón "a".} 29.
Re3 Ra3 30. Be4 Rxa5 31. g4 Bd5 32. f3 Bxe4 33. fxe4 Ra1+ 34. Kg2 Rff1 35. Ree2
Rg1+ 36. Kh2 Rh1+ 37. Kg3 Rag1+ 38. Rg2 Re1 39. Rgf2 (39. Rge2 Rxe2 40. Rxe2
Rc1 41. Re3 a5 {es también desesperado.}) 39... Re3+ 40. Kg2 Rexh3 0-1

[Event "FIDE WCh Women KO"]
[Site "Ekaterinburg RUS"]
[Date "2006.03.13"]
[Round "2.1"]
[White "Hou Yifan"]
[Black "Zhukova, Natalia"]
[Result "1-0"]
[WhiteElo "2269"]
[BlackElo "2432"]
[Annotator "Ubilava, E"]
[PlyCount "63"]
[EventDate "2006.03.11"]
[EventRounds "6"]
[EventCountry "RUS"]
[Source "EDAMI"]
[SourceDate "2006.12.20"]

{Aún hay muy pocas partidas de esta joven promesa china en las bases de datos,
pero los resultados del último Campeonato del Mundo femenino y lo que he
podido observar en sus partidas, me hacen pensar que en dos o tres años como
máximo, Yifan será una referencia en el mundo del ajedrez femenino. En primer
lugar se le nota bastante cultura ajedrecística para una edad tan joven, pero
lo más importante es la confianza y determinación que destacan en sus acciones.
La presente partida, contra una de las más reconocidas jugadoras del mundo
femenino, N.Zhukova, aparentemente reusultó muy fácil para Yifan, en primer
lugar por el mal juego de su rival, que parecía que con cada jugada solo
empeoraba su situación. Pero eso no quita el mérito de la joven china, que
aprovechó rápidamente los fallos de su contrincante de manera demoledora.} 1.
e4 e5 2. Bc4 Nf6 3. d3 Bc5 4. Nc3 c6 5. Bg5 h6 6. Bh4 d6 7. Nge2 Nbd7 8. O-O $6
{Esta jugada podía tener consecuencias nefastas para Yifan si su rival hubiera
acertado en su reacción. Pero desde este mismo momento, casi todas las
decisiones de Zhukova son cuestionables.} Nf8 $6 {el plan correcto es} (8...
Nb6 9. Bb3 g5 10. Bg3 h5 $1 11. h3 (11. h4 Ng4 12. d4 exd4 13. Nxd4 gxh4 {
con gran ventaja}) 11... h4 12. Bh2 g4 $36 {
con una iniciativa peligrosa de las negras}) 9. d4 exd4 $6 {Tampoco me gusta
este inmediato cambio en el centro, porque deja muchas casillas centrales
bastante vulnerables y el peón en d6 será objeto de ataque. Me gusta más} (9...
Bb6 {y si} 10. dxe5 dxe5 11. Qxd8+ Bxd8 {las negras están estupendamente}) 10.
Nxd4 Ng6 11. Bg3 O-O 12. Kh1 $1 Bb6 $6 ({Era mejor seguir} 12... Re8 13. f3 Nh5
14. Bf2 Qg5 {o} (14... Nhf4 15. Qd2 Qf6 16. Rad1 {con una posición compleja}))
13. f3 Bc7 14. Bb3 a6 15. Qd2 Nh5 16. Bf2 Bb8 {Las negras trasladaron su alfil
desde c5 a b8, lo que, con todos mis respetos, me parece ridículo. La jugadora
ucraniana estaba muy lejos del pensamiento de Fritzi:} (16... Nhf4 17. g3 Ne6
18. Nf5 Nc5 19. Bd4 Ne5 20. f4 Bxf5 21. exf5 (21. fxe5 dxe5 $1) 21... Nxb3 22.
axb3 Ng4) 17. Rad1 Qc7 {Zhukova sigue en su mundo. Quizás había que intentar} (
17... Qg5 {y si} 18. Qxg5 hxg5 19. Be3 g4 20. f4 Re8 {las negras están vivas.})
18. Bg1 Nf6 19. Nf5 d5 20. Ng3 dxe4 21. fxe4 {Las blancas están encantadas con
el último cambio, porque la presión sobre la columna "f" se empieza a notar
muy seriamente.} Ng4 ({En caso de} 21... Be6 22. Rxf6 gxf6 23. Nh5 {
La iniciativa parece peligrosa.}) 22. Nce2 ({
Si Yifan hubiera golpeado ahora con} 22. Rxf7 $1 Rxf7 23. Qd8+ Nf8 24. Qe8 Nf6
25. Bxf7+ Qxf7 26. Qxc8 {merecería un gran aplauso}) 22... b5 $2 {
Esta jugada sólo tiene una explicación: las negras querían hacer} (22... b6 {
y pusieron el peón en b5. Después de este error las blancas arrasan}) 23. Bc5
Ne7 {diagrama} ({Tampoco salva} 23... N4e5 24. Bxf8 Nxf8 25. Qd8 Qxd8 26. Rxd8
Bc7 27. Re8 {con gran ventaja}) 24. Bxf7+ $1 Kh7 ({pierde} 24... Rxf7 25. Qd8+
Qxd8 26. Rxd8+ Kh7 27. Rxf7) 25. h3 Nf6 26. Bb3 Re8 27. Qd3 Kh8 28. Nf4 Nfg8
29. Bxg8 Kxg8 ({no vale} 29... Nxg8 30. Ng6+ Kh7 31. e5 {ganando}) 30. Qb3+ Kh7
31. Qf7 Bd7 32. Bxe7 1-0